• 首页
  • 本馆介绍
  • 公告通知
  • 最新文献
  • 馆藏检索
  • 电子资源
  • 读者导购
  • 参考咨询
  • 我的图书馆
  • 登录
  • 详细信息显示
  • 放入我的书架
  • 预约/预借图书
  • 作者相关作品
  • 分类相关作品
  • 丛书相关作品
  • 出版社相关作品

书目信息

  • 表格格式
  • 工作单格式
  • 卡片格式
题名:
绘画基础
    
 
作者: 邓盛国 主编
分册:  
出版信息: 重庆   西南师范大学出版社  2017.7
页数: 121页
开本: 26cm
丛书名: 全国学前教育专业艺术类规划教材
单 册:
中图分类: J21
科图分类:
主题词: 绘画技法--幼儿师范学校--教材
电子资源:
ISBN: 978-7-5621-6346-6
000 01016nam 2200277 45
001 012001001171
005 20140820151108.0
010    @a978-7-5621-6346-6@dCNY36.00
099    @aCAL 012014138439
100    @a20141112d2013 em y0chiy0110 ea
101 0  @achi
102    @aCN@b500000
105    @aa z 000yy
106    @ar
200 1  @a绘画基础@Ahui hua ji chu@f主编邓盛国
210    @a重庆@c西南师范大学出版社@d2017.7
215    @a121页@c彩图@d26cm
225 2  @a全国学前教育专业艺术类规划教材@Aquan guo xue qian jiao yu zhuan ye yi shu lei gui hua jiao cai
330    @a本书共分十章,包括:基础造型、动物造型规律、装饰色彩、动物着色技法、儿童人物造型、儿童人物色彩、儿童版画、儿童水墨画、儿童读物插图创作、电脑辅助绘画。
410  0 @12001 @a全国学前教育专业艺术类规划教材
461  0 @12001 @a全国学前教育专业艺术类规划教材
606 0  @a绘画技法@x幼儿师范学校@j教材
690    @aJ21@v5
701  0 @a邓盛国@Adeng sheng guo@4主编
801    @aCN@bAHXH@c20210922
905    @b1247907-11@dJ21@e1191@f5
    
    绘画基础/主编邓盛国.-重庆:西南师范大学出版社,2017.7
    121页:彩图;26cm.-(全国学前教育专业艺术类规划教材)
    
    
    ISBN 978-7-5621-6346-6:CNY36.00
    本书共分十章,包括:基础造型、动物造型规律、装饰色彩、动物着色技法、儿童人物造型、儿童人物色彩、儿童版画、儿童水墨画、儿童读物插图创作、电脑辅助绘画。
●
相关链接 在E读中查询图书 在五车中查询图书 在当当中查询图书 在豆瓣中查询图书


正题名:绘画基础     索取号:J21/1191         预约/预借

序号 登录号 条形码 馆藏地/架位号 状态 备注
1 1247907   212479076   第一样本阅览室/ [索取号:J21/1191] 在馆    
2 1247908   212479085   教育系资料室/ [索取号:J21/1191] 在馆    
3 1247909   212479094   教育系资料室/ [索取号:J21/1191] 在馆    
4 1247910   212479101   第一借阅区/ [索取号:J21/1191] 在馆    
5 1247911   212479110   第一借阅区/ [索取号:J21/1191] 在馆    
唐山师范学院图书馆 欢迎您!
大连网信软件有限公司© 版权所有